世界都市圏人口予測上位101(2100年) - Statistics

General Stats
  • This quiz has been taken 172 times
  • The average score is 42 of 101
Answer Stats
順位 都市名 国家 人口 % Correct
28 東京 日本国 2563万
90%
22 ニューヨーク アメリカ合衆国 3019万
86%
5 デリー インド 5733万
84%
52 北京 中華人民共和国 1558万
83%
99 大阪 日本国 800万
80%
37 上海 中華人民共和国 2079万
79%
8 ダッカ バングラデシュ 5425万
77%
15 カイロ エジプト 4054万
76%
40 ロサンゼルス アメリカ合衆国 2001万
76%
4 ムンバイ インド 6724万
72%
12 ナイロビ ケニア 4666万
71%
34 メキシコシティ メキシコ 2221万
71%
67 パリ フランス 1186万
70%
2 キンシャサ コンゴ民主共和国 8349万
69%
17 マニラ フィリピン 3995万
68%
48 ジャカルタ インドネシア 1821万
68%
86 ロンドン イギリス 956万
68%
41 リオデジャネイロ ブラジル 1984万
67%
63 ハノイ ベトナム 1286万
67%
94 モスクワ ロシア連邦 842万
65%
1 ラゴス ナイジェリア 8834万
64%
66 バンコク タイ王国 1213万
64%
9 コルカタ インド 5239万
62%
54 イスタンブール トルコ 1479万
62%
57 シカゴ アメリカ合衆国 1453万
62%
51 ブエノスアイレス アルゼンチン 1679万
61%
44 サンパウロ ブラジル 1912万
60%
98 テヘラン イラン 817万
60%
53 ホーチミン ベトナム 1552万
59%
70 香港 中華人民共和国 1145万
57%
93 重慶 中華人民共和国 886万
57%
64 リマ ペルー 1281万
56%
6 ハルツーム スーダン 5659万
55%
61 プノンペン カンボジア 1388万
55%
23 ンジャメナ チャド 2881万
54%
3 ダルエスサラーム タンザニア 7367万
53%
20 アディスアベバ エチオピア 3582万
53%
65 広州 中華人民共和国 1267万
53%
87 リヤド サウジアラビア 940万
52%
71 ヤンゴン ミャンマー 1141万
51%
96 トロント カナダ 833万
51%
11 カラチ パキスタン 4905万
50%
46 アブジャ ナイジェリア 1878万
50%
39 アンタナナリボ マダガスカル 2052万
47%
84 天津 中華人民共和国 990万
45%
55 アレクサンドリア エジプト 1472万
44%
79 深圳 中華人民共和国 1092万
44%
7 ニアメ ニジェール 5614万
42%
83 武漢 中華人民共和国 1000万
42%
100 ダラス アメリカ合衆国 793万
42%
21 バグダード イラク 3410万
41%
19 モガディシュ ソマリア 3637万
39%
31 ルアンダ アンゴラ 2355万
39%
35 ダカール セネガル 2117万
39%
73 ボゴタ コロンビア 1120万
39%
29 バンガロール インド 2476万
37%
26 ラホール パキスタン 2700万
36%
27 チェンナイ インド 2581万
36%
25 サナア イエメン 2721万
34%
47 キガリ ルワンダ 1830万
34%
32 ハイデラバード インド 2317万
33%
77 アクラ ガーナ 1098万
33%
16 カンパラ ウガンダ 4013万
31%
91 フィラデルフィア アメリカ合衆国 897万
31%
43 アビジャン コートジボワール 1970万
29%
50 コナクリ ギニア 1723万
29%
72 モンロビア リベリア 1120万
29%
10 カーブル アフガニスタン 5027万
28%
18 ルサカ ザンビア 3774万
28%
13 リロングウェ マラウイ 4137万
27%
33 バマコ マリ 2295万
27%
36 マプト モザンビーク 2107万
27%
38 ワガドゥグー ブルキナファソ 2063万
27%
89 マイアミ アメリカ合衆国 918万
27%
81 ロメ トーゴ 1020万
25%
45 チッタゴン バングラデシュ 1882万
24%
24 カノ ナイジェリア 2827万
23%
42 アーメダバード インド 1971万
21%
95 アレッポ シリア 837万
18%
60 モンバサ ケニア 1401万
17%
30 イバダン ナイジェリア 2368万
16%
78 ジャイプル インド 1095万
14%
85 ドゥアラ カメルーン 968万
14%
88 ポートハーコート ナイジェリア 939万
14%
56 ルブンバシ コンゴ民主共和国 1465万
13%
49 プネー インド 1732万
12%
82 ラクナウ インド 1005万
12%
90 ナーグプル インド 913万
12%
14 ブランタイヤ マラウイ 4091万
10%
59 ムブジマイ コンゴ民主共和国 1420万
10%
75 ギーザ エジプト 1100万
8%
76 ファイサラーバード パキスタン 1100万
8%
92 モースル イラク 887万
8%
97 パトナ インド 817万
8%
58 スーラト インド 1453万
6%
74 ベニンシティ ナイジェリア 1113万
6%
68 カーンプル インド 1172万
4%
62 カドゥナ ナイジェリア 1319万
3%
69 フダイダ イエメン 1151万
3%
80 タイズ イエメン 1082万
2%
101 ラーワルピンディー パキスタン 787万
2%
No matching quizzes found
Score Distribution
Percent of People with Each Score
Percentile by Number Answered
Your Score History
You have not taken this quiz